| 000 | 00912nam a2200265Ia 4500 | ||
|---|---|---|---|
| 999 |
_c5212 _d5212 |
||
| 003 | OSt | ||
| 005 | 20200415174342.0 | ||
| 008 | 191128s1974 ck fr 001 0 spa d | ||
| 040 |
_aCO-JMCR _cCO-JMCR |
||
| 041 | 0 | _aspa | |
| 082 | 0 | 4 |
_a323.4 / _bC151p _223 |
| 100 | 1 |
_aCamargo, Pedro Pablo, _eautor _93096 |
|
| 245 | 1 | 0 |
_aProblemática mundial de los derechos humanos / _cPedro Pablo Camargo |
| 250 | _aPrimera edición | ||
| 260 |
_aBogotá : _bUniversidad La Gran Colombia, _c1974 |
||
| 300 |
_a378 páginas ; _c23 cm. |
||
| 490 | 0 |
_aSerie A. Textos ; _v4 |
|
| 500 | _aIncluye índice análitico y de autores. | ||
| 504 | _aBibliografía: páginas 355-368 | ||
| 505 | 0 | _aLa persona humana en el derecho nacional -- La persona humana en el derecho internacional | |
| 650 | 1 | 4 |
_aDerechos civiles _93097 |
| 650 | 1 | 4 |
_aDerechos humanos _93098 |
| 650 | 1 | 4 |
_aDerecho internacional _92682 |
| 942 |
_2ddc _cBK |
||